Didáctica del alma : (Registro nro. 7308)

Detalles MARC
000 -LIDER
fixed length control field 00999nam a2200277 a 4500
001 - NÚMERO DE CONTROL
Identificador de número de control 000027108
003 - IDENTIFICACDOR DE NÚMERO DE CONTROL
control field DO-SdBPM
005 - DATE AND TIME OF LATEST TRANSACTION
control field 20250123091706.0
007 - CAMPOS FIJOS DE DESCRIPCIÓN FÍSICA
fixed length control field 000027108
008 - ELEMENTOS DE LONGITUD FIJA
fixed length control field 110329s2003 dr a 000 p spa d
020 ## - ISBN
International Standard Book Number 9993499005
040 ## - FUENTE DE CATALOGACIÓN
Agencia que crea de manera original el registro DO-SdBPM
Idioma de catalogación spa
Agencia que realiza la transcripción BPMSU
082 #4 - NÚMERO DE CLASIFICACIÓN DECIMAL DE DEWEY
Classification number RD86.5
Item number B142d 2003
Edition number 22
100 1# - ASIENTO PRINCIPAL -- NOMBRE PERSONAL
Nombre personal Baéz Ureña, José Enrique,
Fechas asociadas con el nombre 1962-
245 10 - MENCIÓN DE TITULO
Título Didáctica del alma :
Subtítulo (Versos y conversaciones entre mi niño y yo) /
Mención de responsabilidad José Enrique Baéz Ureña, José Enrique Báez Jr. ; prólogo Bruno Rosario Candelier ; presentación Higinio Báez.
260 ## - PUBLICACIÓN, DISTRIBUCIÓN, ETC. (PIE DE IMPRENTA)
Lugar de publicación, distribución, etc Santo Domingo :
Nombre del editor, distribuidor, etc. Bam´s Color,
Fecha de publicación, distribución, etc 2003.
300 ## - DESCRIPCIÓN FÍSICA
Extensión 63 p. :
Otros detalles físicos il. ;
Dimensiones 2003.
590 ## - NOTA LOCAL
Texto de la nota local Inventariado, 2025/VM
650 #4 - ENCABEZAMIENTO DE MATERIA--TEMÁTICO
Término temático o nombre geográfico como elemento de entrada Poesías infantiles dominicanas
650 #4 - ENCABEZAMIENTO DE MATERIA--TEMÁTICO
Término temático o nombre geográfico como elemento de entrada Padres e hijos
Subdivisión de forma Poesías infantiles
700 1# - ASIENTO SECUNDARIO -- NOMBRE PERSONAL
Nombre personal Báez Jr., José Enrique,
Fechas asociadas con el nombre 1996-
700 1# - ASIENTO SECUNDARIO -- NOMBRE PERSONAL
Nombre personal Rosario Candelier, Bruno
Mención de responsabilidad pról.
700 1# - ASIENTO SECUNDARIO -- NOMBRE PERSONAL
Nombre personal Báez, Higinio
910 ## - VALIDACIÓN
Validación VMateo V. Control de calidad. BPMSU
942 ## - ADDED ENTRY ELEMENTS (KOHA)
Source of classification or shelving scheme Dewey Decimal Classification
Koha item type Libros
Existencias
Withdrawn status Lost status Source of classification or shelving scheme Damaged status Not for loan Collection code Home library Current library Date acquired Source of acquisition Total Checkouts Full call number Barcode Date last seen Copy number Price effective from Koha item type
    Dewey Decimal Classification     Colección Infantil Dominicana Biblioteca Pública Metropolitana Salomé Ureña Biblioteca Pública Metropolitana Salomé Ureña 02/03/2015 FUNDI   BPMSU CDI RD861.5 B142d 2003 BPMSU15040976 02/03/2015 02/03/2015 Libros
    Dewey Decimal Classification     Colección Infantil Dominicana Biblioteca Pública Metropolitana Salomé Ureña Biblioteca Pública Metropolitana Salomé Ureña 02/03/2015 FUNDI   BPMSU CDI RD861.5 B142d 2003 BPMSU15040977 02/03/2015 e.2 02/03/2015 Libros
    Dewey Decimal Classification     Colección Juvenil Dominicana Biblioteca Pública Metropolitana Salomé Ureña Biblioteca Pública Metropolitana Salomé Ureña 02/03/2015 FUNDI   BPMSU CDI RD861.5 B142d 2003 BPMSU15040978 02/03/2015 e.3 02/03/2015 Libros